000 00636nam a2200181Ia 4500
008 151202s9999||||xx |||||||||||||| ||und||
082 _bPNVM-71689
100 _aकाकडे दिनकर.
245 _aआला रे आला टारझन आला.
260 _bपरी प्रकाशन कोल्हापूर.
260 _c71689
300 _a192
600 _aकाकडे दिनकर.
630 _aआला रे आला टारझन आला.
700 _aकाकडे दिनकर.
730 _aआला रे आला टारझन आला.
942 _cBOOK
999 _c1338361
_d1338358